Loading...
| Literature - American Literature | 0 | 13 | 1 | 1 | 125 | 65 | 115.38 | 1 | 2 |
| Literature - British Literature | 0 | 9 | 1 | 1 | 85 | 64 | 118.00 | 0 | 1 |
| Literature - European Literature | 0 | 8 | 1 | 0 | 75 | 84 | 109.75 | 1 | 3 |
| Literature - World Literature | 0 | 7 | 1 | 1 | 65 | 96 | 117.14 | 0 | 0 |
| Philosophy | 0 | 6 | 0 | 0 | 60 | 104 | 117.67 | 0 | 0 |
| Fine Arts - Classical Music | 0 | 6 | 2 | 0 | 50 | 106 | 129.83 | 0 | 0 |
| Painting & Sculpture | 0 | 4 | 2 | 1 | 30 | 79 | 125.50 | 0 | 0 |
| Fine Arts - Other Fine Arts | 0 | 3 | 0 | 2 | 30 | 132 | 147.33 | 0 | 0 |
| Religion | 0 | 3 | 0 | 1 | 30 | 87 | 120.00 | 0 | 0 |
| Any History | 0 | 2 | 0 | 0 | 20 | 64 | 91.00 | 1 | 1 |
| History - World History | 0 | 1 | 0 | 0 | 10 | 110 | 110.00 | 0 | 0 |
| Other Academic | 0 | 1 | 0 | 0 | 10 | 132 | 132.00 | 0 | 0 |
| History - American History | 0 | 1 | 0 | 0 | 10 | 115 | 115.00 | 0 | 0 |
| Science - Other Science | 0 | 0 | 0 | 0 | 0 | 0.00 | 0 | 0 | |
| Geography | 0 | 0 | 0 | 0 | 0 | 0.00 | 0 | 0 | |
| History - European History | 0 | 0 | 0 | 0 | 0 | 0.00 | 0 | 0 | |
| Current Events | 0 | 0 | 0 | 0 | 0 | 0.00 | 0 | 0 | |
| Social Science | 0 | 0 | 1 | 0 | -5 | 0.00 | 0 | 0 |